טוען...

Management /

מידע ביבליוגרפי
מחבר ראשי: Stoner, James A. F.
מחברים אחרים: Freeman, R. Edward
פורמט: Printed Book
שפה:English
יצא לאור: New Delhi : Prentice Hall of India, 1989.
מהדורה:4th ed.
נושאים:
LEADER 00535nam a2200169Ia 4500
008 150624b xxu||||| |||| 00| 0 eng d
082 |a 658 
100 |a Stoner, James A. F. 
245 |a Management /  |c James A. F. Stoner 
250 |a 4th ed. 
260 |a New Delhi :  |b Prentice Hall of India,  |c 1989. 
300 |a 796+ 
650 |x Management. 
700 |a Freeman, R. Edward 
942 |c BK 
999 |c 44373  |d 44373 
952 |0 0  |1 0  |4 0  |6 658_000000000000000_STO_M  |7 0  |9 44363  |a UL  |b UL  |c ST2  |d 2017-10-05  |l 0  |o 658 STO/M  |p 65180  |r 2012-10-27  |w 2012-10-27  |y BK